000 00294nam a2200109 4500
999 _c9569
_d9569
008 180709b ||||| |||| 00| 0 eng d
245 _aAsia's poor choking on filthy air.
260 _aPhilippines
_bManila Bulletin
_cc2016
300 _apage B-8.
650 0 _928464
_aPollution.
942 _2ddc
_cPER